| 000 | 00532nam a22001577a 4500 | ||
|---|---|---|---|
| 999 |
_c534885 _d534885 |
||
| 020 | _qHard Cover | ||
| 082 | _a621.3678 | ||
| 100 | _aKiran, Misbah | ||
| 245 |
_aAssessment of Soil Erosion Using RUSLE and GIS : _bA Case Study of Tarbela Sub-Watershed _cMisbah Kiran. |
||
| 260 |
_aIslamabad : _bIGIS - NUST, _c2012. |
||
| 300 |
_axii, 84 o. : ill. ; _c30cm. |
||
| 942 |
_2ddc _cTHE |
||
| 650 |
_aMS Thesis Remote Sensing and GIS _929221 |
||
| 700 |
_aDr. Javed Iqbal. _925404 |
||